| 000 -LEADER |
| fixed length control field |
01088nam a22001457a 4500 |
| 008 - FIXED-LENGTH DATA ELEMENTS--GENERAL INFORMATION |
| fixed length control field |
240920b ||||| |||| 00| 0 eng d |
| 100 ## - MAIN ENTRY--PERSONAL NAME |
| Personal name |
Vij, Jyoti |
| 245 ## - TITLE STATEMENT |
| Title |
Industry perspective on manufacturing & jobs creation |
| 260 ## - PUBLICATION, DISTRIBUTION, ETC. (IMPRINT) |
| Place of publication, distribution, etc |
Yojana |
| 300 ## - PHYSICAL DESCRIPTION |
| Extent |
68(9), Sep, 2024: p.58-60 |
| 520 ## - SUMMARY, ETC. |
| Summary, etc |
With one of the youngest populations and median age of 28, India can harness its demographic dividend by nurturing a workforce equipped with employable skills that match industry needs. The revamping of the Shram Suvidha and Samodhan portal will lead to a more efficient, transparent and user-centric labour ecosystems, benefiting all stakeholders. Another inclusive imitative by the government is to enhance women’s hostels and crèches in collaboration with industry. A working women’s hostels and crèches in collaboration with industry. A slew of measures announced in the budget for budget for manufacturing, particularly for employment generation and skilling, bodes well for the country. – Reproduced |
| 773 ## - HOST ITEM ENTRY |
| Main entry heading |
Yojana |
| 906 ## - LOCAL DATA ELEMENT F, LDF (RLIN) |
| Subject DIP |
PUBLIC FINANCE |
| 942 ## - ADDED ENTRY ELEMENTS (KOHA) |
| Item type |
Articles |